00625nam a22002051i 450000100060000001000180000602100170002410000410004110100080008210200070009020000460009721000300014321500240017330000950019760600320029267500120032470000380033670100330037480100120040717725 a9789723603385 aPTb80430/94 a20170304u u u0frey50 ba0 apor aPT1 fLuísa Ducla SoaresaOs ovos misteriosos cAfrontamentoaPortod1998 a[34] p.cil.d26 cm aOs exemplares nº 0031589, 0031590, 0031456 e 0022853 são uma 17ª edição de 2011. aHistórias para crianças a8:087.5 aSoaresbLuísa Duclaf1939-4070 aBacelarbManuela4070f1943- aPTgRPC